000 00637nam a2200229 a 4500
999 _c1010
_d1010
008 191119t2008 ii ||||g |||| 00| 0 eng d
020 _a9788179927939
_cRs. 250.00
040 _aKO
_beng
041 0 _aeng
044 _aii
082 0 4 _223
_a523.1
_bH313
100 1 _aHawking, Stephen
245 1 0 _aThe Theory of Everything :
_bThe Origin and Fate of the Universe /
_cStephen Hawking
260 _aMumbai :
_bJaico Publishing House ,
_c2008
300 _aviii, 132 p. ;
_c22 cm +
_e1 CD-ROM
504 _aIncludes Index.
650 0 _aCosmology
650 0 _aScience; Philosophy
904 _aA_BOSE
942 _cBK